[Event "40th Olympiad Women"]
[Site "Istanbul TUR"]
[Date "2012.08.28"]
[Round "1.52"]
[Board "1"]
[White "Medina, Warda Aulia"]
[Black "Lyons, Kieran"]
[Result "1-0"]
[WhiteTitle "WFM"]
[BlackTitle "WFM"]
[WhiteElo "2218"]
[BlackElo "1825"]
[WhiteTeam "Indonesia"]
[BlackTeam "Fiji"]
[WhiteFideId "7101570"]
[BlackFideId "11400102"]
[EventDate "2012.08.28"]

1. e4 c5 2. Nf3 Nc6 3. d4 cxd4 4. Nxd4 Nf6 5. Nc3 e6 6. Ndb5 d6 7. Bf4 e5 8. Bg5
a6 9. Bxf6 gxf6 10. Na3 f5 11. Bc4 Nd4 12. Qh5 Qd7 13. Nd5 Bg7 14. Nb6 Qe7 15.
Nxa8 b5 16. Nb6 Bb7 17. Nd5 Qd8 18. Bd3 Bxd5 19. exd5 e4 20. Be2 b4 21. Nc4
Nxc2+ 22. Kd2 Nxa1 23. Rxa1 Qf6 24. Qxf5 Qd4+ 25. Ke1 O-O 26. Rd1 Qc5 27. Qxe4
a5 28. Bd3 f5 29. Qe6+ Kh8 30. Nxd6 Qd4 31. Nf7+ Kg8 32. Nh6+ Kh8 33. Qg8+ Rxg8
34. Nf7# 1-0

[Event "40th Olympiad Women"]
[Site "Istanbul TUR"]
[Date "2012.08.28"]
[Round "1.52"]
[Board "2"]
[White "Sukhu, Gloria"]
[Black "Sihite, Chelsie Monica"]
[Result "0-1"]
[BlackTitle "WIM"]
[WhiteElo "1528"]
[BlackElo "2162"]
[WhiteTeam "Fiji"]
[BlackTeam "Indonesia"]
[WhiteFideId "11400099"]
[BlackFideId "7101198"]
[EventDate "2012.08.28"]

1. e4 e5 2. Nf3 Nc6 3. d4 exd4 4. Nxd4 Bc5 5. c3 Qe7 6. Qd3 d5 7. Nxc6 bxc6 8.
b4 Bd6 9. Nd2 Nf6 10. f3 dxe4 11. Qe3 Bf5 12. Bc4 Nd5 13. Bxd5 cxd5 14. O-O O-O
15. fxe4 Bxe4 16. Nxe4 dxe4 17. Kh1 a5 18. b5 f5 19. Qd4 Qh4 20. h3 Qg3 21. Qg1
f4 22. Qh2 Qxc3 23. Bxf4 Rxf4 24. Qg1 Qg3 25. a4 Rh4 26. Ra2 Re8 27. Rc2 e3 28.
Rf3 Rxh3+ 29. gxh3 Qxf3+ 30. Qg2 Qd1+ 0-1

[Event "40th Olympiad Women"]
[Site "Istanbul TUR"]
[Date "2012.08.28"]
[Round "1.53"]
[Board "1"]
[White "Vilhete, Vania Fausto Da T."]
[Black "Arbunic Castro, Giovanna"]
[Result "0-1"]
[BlackTitle "WIM"]
[WhiteElo "1816"]
[BlackElo "2098"]
[WhiteTeam "Mozambique"]
[BlackTeam "Chile"]
[WhiteFideId "14800144"]
[BlackFideId "3400549"]
[EventDate "2012.08.28"]

1. d4 d5 2. c4 e6 3. Nc3 Be7 4. Nf3 Nf6 5. e3 O-O 6. Bd3 c5 7. O-O b6 8. cxd5
exd5 9. Ne5 Bb7 10. Bc2 Nc6 11. a3 Nxe5 12. dxe5 Ne4 13. Qh5 g6 14. Qg4 h5 15.
Qe2 Qc7 16. f4 Rad8 17. Nxe4 dxe4 18. b3 Qc8 19. Qf2 Qf5 20. Bb2 Ba6 21. Rfd1
Bd3 22. Bxd3 Rxd3 23. Rxd3 exd3 24. Rd1 Rd8 25. Qf3 Qe6 26. Qb7 Qxb3 27. Rd2 Qe6
28. Qxa7 c4 29. Bc3 Bc5 30. Kf2 Qc6 31. e6 Qxe6 32. Bd4 Rxd4 33. Qb8+ Kh7 34.
exd4 Bxd4+ 35. Kf1 Qe3 0-1

[Event "40th Olympiad Women"]
[Site "Istanbul TUR"]
[Date "2012.08.28"]
[Round "1.54"]
[Board "2"]
[White "Jose, Rulp Ylem"]
[Black "Siddiqui, Nida Mishraz"]
[Result "1-0"]
[WhiteTitle "WFM"]
[WhiteElo "2061"]
[BlackElo "1670"]
[WhiteTeam "Philippines"]
[BlackTeam "Pakistan"]
[WhiteFideId "5205026"]
[BlackFideId "7800495"]
[EventDate "2012.08.28"]

1. e4 e5 2. Nf3 Nc6 3. Bc4 Bc5 4. d3 Nf6 5. Bg5 h6 6. Bh4 d6 7. h3 Be6 8. Bxe6
fxe6 9. c3 Qd7 10. O-O g5 11. Bg3 O-O-O 12. b4 Bb6 13. a4 a6 14. Qb3 Ne7 15. Na3
Nh5 16. Bh2 Nf4 17. a5 Ba7 18. Bxf4 exf4 19. b5 axb5 20. Nxb5 Nc6 21. Rfb1 Bxf2+
22. Kxf2 Rdg8 23. a6 Kd8 24. axb7 Ke7 25. Nbd4 Ne5 26. Nxe5 dxe5 27. Qb4+ Kf7
28. Nf3 Kf6 29. Qc5 Qd6 30. Ra5 g4 31. Qxe5+ Qxe5 32. Nxe5 gxh3 33. gxh3 Rg5 34.
Ra8 Rgg8 35. b8=Q Rxb8 36. Raxb8 1-0

[Event "40th Olympiad Women"]
[Site "Istanbul TUR"]
[Date "2012.08.28"]
[Round "1.55"]
[Board "3"]
[White "Atabayeva, Gozel"]
[Black "Jaradat, Shadia Z."]
[Result "1-0"]
[WhiteTitle "WFM"]
[WhiteElo "2076"]
[BlackElo "1647"]
[WhiteTeam "Turkmenistan"]
[BlackTeam "Palestine"]
[WhiteFideId "14001896"]
[BlackFideId "11500743"]
[EventDate "2012.08.28"]

1. e4 e5 2. Nf3 Nc6 3. d4 exd4 4. Nxd4 Nf6 5. Nxc6 dxc6 6. Qxd8+ Kxd8 7. Bg5 Be7
8. Nc3 h6 9. O-O-O+ Bd7 10. Bxf6 Bxf6 11. Na4 b6 12. f4 g6 13. Be2 Ke7 14. e5
Bg7 15. Bf3 Rad8 16. Rd2 c5 17. Nc3 Be6 18. Rxd8 Rxd8 19. Nb5 f6 20. Nxa7 Bd5
21. exf6+ Bxf6 22. Re1+ Kf7 23. Bxd5+ Rxd5 24. Nc6 Bd4 25. Nxd4 Rxd4 26. g3 h5
27. Rd1 Rxd1+ 28. Kxd1 Ke6 29. Ke2 Kd5 30. Kd3 b5 31. b3 c6 32. c4+ Kd6 33. a4
bxa4 34. bxa4 Kc7 35. h3 Kb6 36. Ke4 1-0

[Event "40th Olympiad Women"]
[Site "Istanbul TUR"]
[Date "2012.08.28"]
[Round "1.60"]
[Board "1"]
[White "Paehtz, Elisabeth"]
[Black "Pustovoitova, Daria"]
[Result "0-1"]
[WhiteTitle "IM"]
[BlackTitle "FM"]
[WhiteElo "2483"]
[BlackElo "2294"]
[WhiteTeam "Germany"]
[BlackTeam "IBCA"]
[WhiteFideId "4641833"]
[BlackFideId "4182146"]
[EventDate "2012.08.28"]

1. e4 e6 2. d4 d5 3. Nc3 Nf6 4. e5 Nfd7 5. f4 c5 6. Nce2 Nc6 7. c3 Qb6 8. Nf3
Be7 9. a3 a5 10. f5 Nf8 11. Nf4 Bd7 12. c4 Nxd4 13. Nxd4 cxd4 14. cxd5 exf5 15.
Qh5 Ng6 16. e6 Ba4 17. exf7+ Kxf7 18. Bc4 Bh4+ 19. g3 Rhe8+ 20. Ne6 Bb5 21. Ba2
Bf6 22. Qxf5 Rac8 23. Kf2 d3+ 24. Kg2 Rc2+ 25. Kh3 Qf2 26. Ng5+ Ke7 27. Qxf2
Rxf2 28. Be3 Bd7+ 29. g4 Re2 30. Rhe1 Bxg5 31. Rxe2 dxe2 32. Bxg5+ Kd6 33. Bd2
Re4 34. Kg3 Rd4 35. Bxa5 Rd1 36. Rb1 Ne5 37. Bb4+ Kc7 38. d6+ Kc6 39. h3 Nd3 40.
Bc3 Nc1 41. Bc4 e1=Q+ 42. Bxe1 Rxe1 43. Kf2 Rd1 44. Ke3 Kxd6 45. b4 b5 46. Bg8
Rd3+ 47. Ke4 Bc6+ 48. Kf5 Ne2 49. Bxh7 Rxh3 50. Rd1+ Kc7 51. Bg8 Bd7+ 52. Kg6
Bxg4 53. Kxg7 Rxa3 54. Rd5 Bd7 55. Rc5+ Kb6 56. Kf6 Rg3 57. Bf7 Bc6 58. Ke7 Rg4
59. Rc2 Nd4 60. Rd2 Re4+ 61. Kf6 Nf3 62. Rb2 Rf4+ 63. Ke7 Ne5 64. Be6 Nd3 65.
Rd2 Nxb4 66. Kd6 Rf6 67. Ke5 Rh6 68. Bg8 Na6 69. Bf7 Nc5 70. Rd8 b4 71. Rb8+ Kc7
72. Rg8 Rh7 73. Bc4 Rh4 74. Bf7 Re4+ 75. Kf5 Bd7+ 76. Kf6 Rf4+ 77. Ke7 Rxf7+ 0-1

[Event "40th Olympiad Women"]
[Site "Istanbul TUR"]
[Date "2012.08.28"]
[Round "1.60"]
[Board "2"]
[White "Stolarczyk, Anna"]
[Black "Ohme, Melanie"]
[Result "0-1"]
[WhiteTitle "WCM"]
[BlackTitle "WGM"]
[WhiteElo "1994"]
[BlackElo "2337"]
[WhiteTeam "IBCA"]
[BlackTeam "Germany"]
[WhiteFideId "1126423"]
[BlackFideId "4690745"]
[EventDate "2012.08.28"]

1. d4 Nf6 2. Nf3 g6 3. c4 Bg7 4. Nc3 O-O 5. e4 d6 6. h3 e5 7. d5 a5 8. b3 Na6 9.
Bd3 Nh5 10. a3 Nc5 11. Bc2 f5 12. Bg5 Qe8 13. b4 axb4 14. axb4 Rxa1 15. Qxa1 Na6
16. Ba4 Qf7 17. exf5 gxf5 18. Qa3 e4 19. Nd2 Qg6 20. g4 Qxg5 21. gxh5 Qg2 22.
Rf1 Qxh3 23. Ndb1 Qxh5 24. c5 dxc5 25. bxc5 Qg6 26. d6 cxd6 27. cxd6 Be6 28. Ne2
f4 29. Rg1 Qf6 30. Nbc3 e3 31. Ne4 exf2+ 32. Nxf2 Kh8 33. Ne4 Qe5 34. Ng5 Bc4
35. Rg2 Bxe2 36. Nf7+ Rxf7 37. Rxe2 Qc3+ 38. Qxc3 Bxc3+ 39. Kf2 Nc5 40. Bb5 Bf6
41. Kf3 Nd7 42. Re4 Bg5 43. Kg4 Nf6+ 0-1

[Event "40th Olympiad Women"]
[Site "Istanbul TUR"]
[Date "2012.08.28"]
[Round "1.60"]
[Board "4"]
[White "Karsokaite, Irena"]
[Black "Levushkina, Elena"]
[Result "0-1"]
[BlackTitle "WGM"]
[WhiteElo "1632"]
[BlackElo "2301"]
[WhiteTeam "IBCA"]
[BlackTeam "Germany"]
[WhiteFideId "12805220"]
[BlackFideId "14200686"]
[EventDate "2012.08.28"]

1. e4 d6 2. d4 g6 3. f4 Bg7 4. Nf3 Nf6 5. Bd3 c5 6. dxc5 Qa5+ 7. c3 Qxc5 8. Qe2
O-O 9. Be3 Qa5 10. Nbd2 Nc6 11. Nc4 Qc7 12. h3 d5 13. Ncd2 Nh5 14. Qf2 dxe4 15.
Bxe4 Nxf4 16. Bxf4 Qxf4 17. Bxc6 bxc6 18. O-O Be6 19. Nb3 Bd5 20. Qc5 Qd6 21.
Qxd6 exd6 22. Rae1 Rfe8 23. Ng5 h6 24. Nf3 Kf8 25. Rxe8+ Rxe8 26. Re1 Rb8 27.
Rd1 Ke7 28. Nfd2 Be6 29. Ne4 Be5 30. Ned2 Bf4 31. Na5 Rxb2 32. Ndc4 Bxc4 33.
Nxc4 Rxa2 34. Rb1 Bg3 35. Ne3 a5 36. Nf1 Be5 0-1

[Event "40th Olympiad Women"]
[Site "Istanbul TUR"]
[Date "2012.08.28"]
[Round "1.61"]
[Board "1"]
[White "Videnova, Iva"]
[Black "Zykina, Nadezhda"]
[Result "1-0"]
[WhiteTitle "WGM"]
[BlackTitle "WFM"]
[WhiteElo "2317"]
[BlackElo "2078"]
[WhiteTeam "Bulgaria"]
[BlackTeam "IPCA"]
[WhiteFideId "2907763"]
[BlackFideId "24150789"]
[EventDate "2012.08.28"]

1. e4 e5 2. Nf3 d6 3. d4 Qe7 4. Nc3 c6 5. a4 h6 6. h3 Nf6 7. Be2 Qc7 8. b3 Be7
9. Ba3 Nbd7 10. Qd2 Nf8 11. Rd1 Ng6 12. d5 Nf4 13. dxc6 Nxe2 14. Qxe2 bxc6 15.
Qd2 c5 16. Nb5 Qb6 17. Nxd6+ Bxd6 18. Qxd6 Nxe4 19. Qxe5+ Qe6 20. O-O O-O 21.
Rfe1 f5 22. Qxe6+ Bxe6 23. Ne5 Rac8 24. f3 Nf6 25. Nd3 Rfe8 26. Nxc5 Bf7 27.
Rxe8+ Rxe8 28. Kf2 Nd5 29. c4 Nc3 30. Rc1 Re2+ 31. Kf1 Re3 32. Re1 f4 33. Bc1 1-0

[Event "40th Olympiad Women"]
[Site "Istanbul TUR"]
[Date "2012.08.28"]
[Round "1.61"]
[Board "2"]
[White "Kurochkina, Elena"]
[Black "Nikolova, Adriana"]
[Result "0-1"]
[BlackTitle "WGM"]
[WhiteElo "1797"]
[BlackElo "2299"]
[WhiteTeam "IPCA"]
[BlackTeam "Bulgaria"]
[WhiteFideId "24145890"]
[BlackFideId "2908689"]
[EventDate "2012.08.28"]

1. d4 d5 2. Nf3 Nf6 3. c4 c6 4. Nc3 dxc4 5. e3 b5 6. a4 b4 7. Na2 a5 8. Bxc4 e6
9. O-O Nbd7 10. Bd2 Bb7 11. Nc1 Be7 12. Nd3 O-O 13. Nde5 c5 14. Rc1 Nxe5 15.
Nxe5 cxd4 16. exd4 Qxd4 17. Qe2 Qe4 18. Qxe4 Bxe4 19. Be3 Rfc8 20. f3 Bb7 21.
Rfd1 Nd5 22. Bf2 Bf6 23. Re1 Bxe5 24. Rxe5 Ba6 25. b3 Rc6 26. Ree1 Bxc4 27. Rxc4
Rxc4 28. bxc4 Nc3 29. Bd4 Rc8 30. Bb6 Nxa4 31. Bxa5 b3 32. Rd1 h5 33. Rd3 b2 34.
Rb3 Rxc4 35. Bd2 Rc1+ 0-1

[Event "40th Olympiad Women"]
[Site "Istanbul TUR"]
[Date "2012.08.28"]
[Round "1.61"]
[Board "3"]
[White "Voiska, Margarita"]
[Black "Kaydanovich, Marina"]
[Result "1-0"]
[WhiteTitle "WGM"]
[WhiteElo "2281"]
[BlackElo "1761"]
[WhiteTeam "Bulgaria"]
[BlackTeam "IPCA"]
[WhiteFideId "2900602"]
[BlackFideId "4134877"]
[EventDate "2012.08.28"]

1. d4 d5 2. Nf3 e6 3. g3 f5 4. Bg2 Nf6 5. O-O Bd6 6. c4 c6 7. b3 O-O 8. Ba3 Re8
9. Bxd6 Qxd6 10. Nbd2 Nbd7 11. e3 Ne4 12. Qc2 e5 13. dxe5 Nxe5 14. Nxe5 Qxe5 15.
cxd5 cxd5 16. Nf3 Qf6 17. Rac1 Bd7 18. Qd3 Bc6 19. Nd4 Rac8 20. b4 a6 21. Nxc6
bxc6 22. Qxa6 Nd2 23. Rfd1 Nc4 24. b5 1-0

[Event "40th Olympiad Women"]
[Site "Istanbul TUR"]
[Date "2012.08.28"]
[Round "1.61"]
[Board "4"]
[White "Konkolova, Nikola"]
[Black "Raeva, Elitsa"]
[Result "0-1"]
[BlackTitle "WIM"]
[WhiteElo "1501"]
[BlackElo "2313"]
[WhiteTeam "IPCA"]
[BlackTeam "Bulgaria"]
[WhiteFideId "14924242"]
[BlackFideId "2906660"]
[EventDate "2012.08.28"]

1. e4 c5 2. Nf3 Nc6 3. d4 cxd4 4. Nxd4 g6 5. Nxc6 bxc6 6. Qd4 f6 7. Bc4 e6 8.
O-O Bg7 9. f3 Ne7 10. Nc3 O-O 11. Be3 d5 12. exd5 cxd5 13. Be2 Nf5 14. Qd2 d4
15. Bf2 Bh6 16. Qd3 dxc3 17. bxc3 Qxd3 18. Bxd3 Bb7 19. Rab1 Bd5 20. c4 Bc6 21.
Rfe1 e5 22. g4 Nd4 23. Bxd4 exd4 24. Be4 Bxe4 25. Rxe4 f5 26. Kh1 fxe4 0-1

[Event "40th Olympiad Women"]
[Site "Istanbul TUR"]
[Date "2012.08.28"]
[Round "1.62"]
[Board "3"]
[White "Botalova, Yulia"]
[Black "Masiyazi, Rhoda"]
[Result "1-0"]
[WhiteTitle "WFM"]
[WhiteElo "1949"]
[BlackElo "2005"]
[WhiteTeam "ICSC"]
[BlackTeam "Zimbabwe"]
[WhiteFideId "24132535"]
[BlackFideId "11000090"]
[EventDate "2012.08.28"]

1. e4 b6 2. d4 e6 3. Nf3 Bb7 4. Bd3 h6 5. O-O Be7 6. c3 Nf6 7. Re1 a6 8. Nbd2
O-O 9. Nf1 c5 10. Ng3 b5 11. dxc5 Bxc5 12. h3 Qb6 13. Be3 Nc6 14. Bxc5 Qxc5 15.
e5 Nd5 16. Ne4 Qb6 17. Bc2 Rad8 18. Qd3 Nf4 19. Nf6+ 1-0

[Event "40th Olympiad Women"]
[Site "Istanbul TUR"]
[Date "2012.08.29"]
[Round "2.1"]
[Board "2"]
[White "Ju, Wenjun"]
[Black "Johansson, Viktoria"]
[Result "1-0"]
[WhiteTitle "WGM"]
[BlackTitle "WIM"]
[WhiteElo "2528"]
[BlackElo "2179"]
[WhiteTeam "China"]
[BlackTeam "Sweden"]
[WhiteFideId "8603006"]
[BlackFideId "1701940"]
[EventDate "2012.08.28"]

1. d4 d5 2. c4 c6 3. Nf3 Nf6 4. Qc2 g6 5. Bf4 Bf5 6. Qb3 Qb6 7. e3 Bg7 8. Nc3
Nbd7 9. h3 O-O 10. Be2 dxc4 11. Bxc4 Qxb3 12. Bxb3 c5 13. Rd1 Rac8 14. g4 cxd4
15. Nxd4 e5 16. Bxe5 Nxe5 17. gxf5 Nc4 18. Bxc4 Rxc4 19. fxg6 hxg6 20. Ke2 a6
21. Rc1 Rfc8 22. Kf3 Nd7 23. Nce2 Ne5+ 24. Kg2 Nd3 25. Rxc4 Rxc4 26. b3 Rc7 27.
Rd1 Ne5 28. Rc1 Rd7 29. Kg3 Bf6 30. f4 Nd3 31. Rd1 Nb4 32. Rd2 Be7 33. Kf3 a5
34. Nc3 Bc5 35. Ne4 Be7 36. a3 Na6 37. Nc6 Rc7 38. Nxe7+ Rxe7 39. Rd5 f5 40. Nd2
a4 41. bxa4 Rc7 42. Rd6 Kg7 43. Rb6 Nc5 44. a5 Nd7 45. Rb3 Nf6 46. e4 fxe4+ 47.
Nxe4 Nxe4 48. Kxe4 Kh6 49. Kf3 Kh5 50. Kg3 Rd7 51. Rb5+ Kh6 52. Kg4 Rd3 53. Rxb7
Rxa3 54. Ra7 Ra1 55. a6 Rg1+ 56. Kf3 Rf1+ 57. Kg3 Rg1+ 58. Kf2 Ra1 59. Ra8 Ra3
60. a7 Kg7 61. h4 Kh7 62. Kg2 Kg7 63. h5 gxh5 64. f5 Ra2+ 65. Kh3 1-0

[Event "40th Olympiad Women"]
[Site "Istanbul TUR"]
[Date "2012.08.29"]
[Round "2.1"]
[Board "3"]
[White "Andersson, Christin"]
[Black "Huang, Qian"]
[Result "0-1"]
[WhiteTitle "WIM"]
[BlackTitle "WGM"]
[WhiteElo "2074"]
[BlackElo "2449"]
[WhiteTeam "Sweden"]
[BlackTeam "China"]
[WhiteFideId "1702947"]
[BlackFideId "8602689"]
[EventDate "2012.08.28"]

1. e4 g6 2. d4 Bg7 3. Nf3 c6 4. Nc3 d6 5. Bd3 Nf6 6. O-O O-O 7. h3 Nbd7 8. e5
dxe5 9. dxe5 Nd5 10. Nxd5 cxd5 11. Re1 Nc5 12. Bg5 Ne6 13. Be3 d4 14. Bd2 Qb6
15. Rb1 Bd7 16. Bc4 Rad8 17. Ng5 h6 18. Nxe6 Bxe6 19. Bxe6 Qxe6 20. Qf3 Rd7 21.
a3 Qd5 22. Qd3 Bxe5 23. Bxh6 Rc8 24. Rbd1 Bf6 25. Bf4 a6 26. Re4 Qa2 27. Bc1
Rdc7 28. Re2 Qc4 29. Qe4 Qc6 30. Qg4 Qb5 31. Rdd2 Kg7 32. Qe4 Qf5 33. Qxf5 gxf5
34. f4 d3 35. Rxd3 Rxc2 36. Rxc2 Rxc2 37. Be3 Rxb2 38. g4 Kg6 39. g5 Bg7 40. Bc5
e6 41. Rd7 Rc2 42. Bb4 b6 43. Rd3 Rc4 44. Bd6 Rd4 45. Rxd4 Bxd4+ 46. Kg2 Bc5 47.
Bc7 b5 48. a4 bxa4 49. Be5 a3 50. Kf3 Bf8 0-1

[Event "40th Olympiad Women"]
[Site "Istanbul TUR"]
[Date "2012.08.29"]
[Round "2.1"]
[Board "4"]
[White "Ding, Yixin"]
[Black "Horn, Emilia"]
[Result "1-0"]
[WhiteTitle "WGM"]
[BlackTitle "WFM"]
[WhiteElo "2424"]
[BlackElo "2037"]
[WhiteTeam "China"]
[BlackTeam "Sweden"]
[WhiteFideId "8602972"]
[BlackFideId "1705385"]
[EventDate "2012.08.28"]

1. e4 e5 2. Nf3 Nc6 3. Bc4 Nf6 4. Ng5 d5 5. exd5 Na5 6. Bb5+ Bd7 7. Qe2 Be7 8.
Nf3 O-O 9. Nxe5 Bf5 10. Nc3 Nxd5 11. O-O c6 12. Nxd5 Qxd5 13. Bd3 Bxd3 14. Nxd3
Bf6 15. Nf4 Qf5 16. d3 Rfe8 17. Qh5 Qxh5 18. Nxh5 Be5 19. Bd2 Bxb2 20. Rab1 Bd4
21. Bxa5 Re5 22. Bd2 Rxh5 23. Rxb7 f6 24. Re1 Rb5 25. Ree7 Rxb7 26. Rxb7 Re8 27.
Kf1 Re5 28. Rc7 Rf5 29. Be1 Rc5 30. c4 Rh5 31. h3 Bb6 32. Rxc6 Kf7 33. Bb4 Bd4
34. Rc7+ Kg6 35. Rd7 Bb6 36. Bf8 Ra5 37. Rxg7+ Kf5 38. a3 Bd4 39. Rxh7 Ra6 40.
g4+ Kf4 41. Kg2 1-0

[Event "40th Olympiad Women"]
[Site "Istanbul TUR"]
[Date "2012.08.29"]
[Round "2.2"]
[Board "1"]
[White "Gunina, Valentina"]
[Black "Feliciano Ebert, Vanessa"]
[Result "1/2-1/2"]
[WhiteTitle "IM"]
[BlackTitle "WFM"]
[WhiteElo "2507"]
[BlackElo "2231"]
[WhiteTeam "Russia"]
[BlackTeam "Brazil"]
[WhiteFideId "4167570"]
[BlackFideId "2114160"]
[EventDate "2012.08.28"]

1. d4 Nf6 2. c4 g6 3. Nc3 Bg7 4. e4 d6 5. Nf3 O-O 6. Be2 e5 7. O-O Nc6 8. d5 Ne7
9. b4 Nh5 10. g3 f5 11. Ng5 Nf6 12. Bf3 c6 13. Bg2 fxe4 14. Ncxe4 Nxe4 15. Bxe4
h6 16. Ne6 Bxe6 17. dxe6 d5 18. Bg2 Qd6 19. cxd5 cxd5 20. Be3 b6 21. Qd2 Kh7 22.
f4 Qxe6 23. fxe5 Qxe5 24. Rae1 Rxf1+ 25. Bxf1 Nf5 26. Bf4 Qd4+ 27. Qxd4 Bxd4+
28. Kg2 Bc3 29. Re6 Bxb4 30. Bd3 Rf8 31. Be5 Bc5 32. h4 h5 33. Kh3 Ne7 34. Bf6
Nf5 35. Rc6 Rf7 36. g4 Nd6 37. g5 Ne8 38. Re6 Nc7 39. Re2 Bf8 40. Kg2 Bg7 41.
Bd8 Rd7 42. Bxc7 Rxc7 43. Re6 Rc3 44. Bxg6+ Kg8 45. Re7 Ra3 46. Bf7+ Kf8 47. Rd7
Rxa2+ 48. Kf3 Be5 49. Bxd5 Ra4 50. Rf7+ Ke8 51. Rf5 Ra3+ 52. Ke4 Bb2 53. Rf2 Bh8
54. g6 Ra4+ 55. Kf5 Rxh4 56. Re2+ Kd7 57. Be6+ Kd6 58. Bf7 Rg4 59. Re6+ Kc5 60.
Re7 a5 61. Be8 Bc3 62. Rh7 Rg1 63. Rxh5 Kb4 64. Kf4 Rf1+ 65. Kg3 Bd4 66. Rd5 Kc3
67. Kh2 Rf8 68. Bf7 a4 69. Rg5 b5 70. Rxb5 Ra8 71. Rg5 Bg7 72. Rg3+ Kb4 73. Rg4+
Kc3 74. Rg3+ Kb4 75. Rg4+ Kc3 76. Rg3+ Kb4 1/2-1/2

[Event "40th Olympiad Women"]
[Site "Istanbul TUR"]
[Date "2012.08.29"]
[Round "2.2"]
[Board "4"]
[White "Chang, Suzana"]
[Black "Pogonina, Natalija"]
[Result "0-1"]
[WhiteTitle "WFM"]
[BlackTitle "WGM"]
[WhiteElo "2006"]
[BlackElo "2448"]
[WhiteTeam "Brazil"]
[BlackTeam "Russia"]
[WhiteFideId "2105985"]
[BlackFideId "4147855"]
[EventDate "2012.08.28"]

1. e4 e5 2. Nf3 Nc6 3. Bb5 a6 4. Bxc6 dxc6 5. O-O Qf6 6. d4 exd4 7. Bg5 Qd6 8.
Nxd4 Bd7 9. Nc3 Ne7 10. Nde2 Qxd1 11. Raxd1 f6 12. Be3 Ng6 13. h3 O-O-O 14. Rd2
Ne5 15. b3 Bb4 16. Rfd1 Rhe8 17. Kf1 h6 18. Ra1 Nf7 19. Rdd1 f5 20. Bd4 Bf8 21.
f3 c5 22. Bf2 b6 23. Ng3 Nd6 24. Rac1 c4 25. exf5 Nxf5 26. Nce4 Nxg3+ 27. Nxg3
Ba3 28. Rb1 cxb3 29. axb3 a5 30. Bd4 Bf8 31. Ra1 Re6 32. c4 Rg6 33. Bf2 Bb4 34.
Rac1 Re8 35. Nh5 Bf8 36. Re1 Rge6 37. Rxe6 Rxe6 38. Rd1 g5 39. Ng3 Bb4 40. Ne2
a4 41. bxa4 Bxa4 42. Rb1 c5 43. Nc1 Rd6 44. Be3 Bd7 45. Ke2 Be6 46. h4 Bxc4+ 47.
Kf2 gxh4 48. Bf4 Rd1 49. Bxh6 Be1+ 0-1

[Event "40th Olympiad Women"]
[Site "Istanbul TUR"]
[Date "2012.08.29"]
[Round "2.3"]
[Board "1"]
[White "Zozulia, Anna"]
[Black "Khotenashvili, Bela"]
[Result "0-1"]
[WhiteTitle "IM"]
[BlackTitle "IM"]
[WhiteElo "2346"]
[BlackElo "2509"]
[WhiteTeam "Belgium"]
[BlackTeam "Georgia"]
[WhiteFideId "14102110"]
[BlackFideId "13602640"]
[EventDate "2012.08.28"]

1. e4 c6 2. d4 d5 3. Nc3 dxe4 4. Nxe4 Nf6 5. Nxf6+ gxf6 6. Nf3 Bf5 7. g3 Qd5 8.
c3 Nd7 9. Bg2 Qc4 10. Be3 Nb6 11. Nh4 Bg6 12. Nxg6 hxg6 13. Qe2 Bh6 14. Qxc4
Nxc4 15. Bxh6 Rxh6 16. O-O-O e6 17. h4 Kd7 18. Kc2 Rah8 19. b3 Nd6 20. Kd3 f5
21. c4 f4 22. Bf3 Ke7 23. Rde1 Kf6 24. Rhg1 Rd8 25. Kc3 Rg8 26. Re5 fxg3 27.
fxg3 g5 28. Rf1 gxh4 29. gxh4 Rg3 30. Kb4 Rxh4 31. Bxc6+ Ke7 32. Bh1 Rxd4 33.
Kc5 Rd2 0-1

[Event "40th Olympiad Women"]
[Site "Istanbul TUR"]
[Date "2012.08.29"]
[Round "2.3"]
[Board "2"]
[White "Javakhishvili, Lela"]
[Black "Baekelant, Eva"]
[Result "1-0"]
[WhiteTitle "IM"]
[BlackTitle "WFM"]
[WhiteElo "2458"]
[BlackElo "2128"]
[WhiteTeam "Georgia"]
[BlackTeam "Belgium"]
[WhiteFideId "13601458"]
[BlackFideId "210030"]
[EventDate "2012.08.28"]

1. d4 Nf6 2. c4 g6 3. g3 Bg7 4. Bg2 O-O 5. Nc3 d6 6. Nf3 c6 7. O-O Qa5 8. e4 e5
9. h3 Na6 10. Re1 Be6 11. Bf1 Rfe8 12. a3 exd4 13. Nxd4 Rad8 14. Bf4 Nh5 15. b4
Qb6 16. Be3 c5 17. Ndb5 Qc6 18. Qb3 Nc7 19. Nxc7 Qxc7 20. Rac1 a6 21. Bg2 cxb4
22. Nd5 Bxd5 23. cxd5 Qd7 24. Qxb4 Rc8 25. a4 Nf6 26. a5 Bf8 27. Rxc8 Rxc8 28.
Rb1 Rc7 29. Bb6 Rc2 30. Bd4 Nh5 31. Qxb7 Qa4 32. Qb4 Qa2 33. Ra1 Rc4 34. Rxa2
Rxb4 35. Bc3 Rc4 36. Ra3 Bg7 37. Bxg7 Kxg7 38. Bf1 Rc1 39. Kg2 Nf6 40. Bxa6 Nxe4
41. Be2 Rc2 42. a6 1-0

[Event "40th Olympiad Women"]
[Site "Istanbul TUR"]
[Date "2012.08.29"]
[Round "2.3"]
[Board "3"]
[White "Goossens, Hanne"]
[Black "Khurtsidze, Nino"]
[Result "0-1"]
[BlackTitle "IM"]
[WhiteElo "1998"]
[BlackElo "2444"]
[WhiteTeam "Belgium"]
[BlackTeam "Georgia"]
[WhiteFideId "200468"]
[BlackFideId "13600320"]
[EventDate "2012.08.28"]

1. e4 c5 2. Nf3 e6 3. d4 cxd4 4. Nxd4 a6 5. Bd3 Nf6 6. c4 d6 7. O-O b6 8. Nc3
Bb7 9. Qe2 g6 10. f4 Bg7 11. Kh1 O-O 12. Bd2 Nbd7 13. Nf3 Qc7 14. Rae1 Rfe8 15.
Qf2 Rad8 16. Qh4 Nc5 17. Bb1 d5 18. cxd5 exd5 19. e5 Nfe4 20. Be3 Nxc3 21. bxc3
Qe7 22. Ng5 h6 23. Nf3 Qxh4 24. Nxh4 Rc8 25. Bd4 Ne4 26. Rf3 Bf8 27. Rfe3 b5 28.
Nf3 Rc7 29. Bxe4 dxe4 30. Nd2 b4 31. Nb3 Rec8 32. Rc1 Bd5 33. h3 h5 34. Kh2 a5
35. Nd2 bxc3 36. Rexc3 Rxc3 37. Rxc3 Rxc3 38. Bxc3 e3 39. Nf3 a4 40. Ne1 Bxa2
41. g4 hxg4 42. hxg4 Ba3 43. Kg3 Bd5 44. Nf3 Bc1 45. Nd4 a3 0-1

[Event "40th Olympiad Women"]
[Site "Istanbul TUR"]
[Date "2012.08.29"]
[Round "2.4"]
[Board "1"]
[White "Tsiganova, Monika"]
[Black "Krush, Irina"]
[Result "0-1"]
[WhiteTitle "WIM"]
[BlackTitle "IM"]
[WhiteElo "2164"]
[BlackElo "2467"]
[WhiteTeam "Estonia"]
[BlackTeam "United States of America"]
[WhiteFideId "4500199"]
[BlackFideId "2012782"]
[EventDate "2012.08.28"]

1. d4 Nf6 2. c4 e6 3. g3 Bb4+ 4. Bd2 Bxd2+ 5. Qxd2 d5 6. Bg2 c6 7. Nf3 Nbd7 8.
O-O b6 9. Rc1 O-O 10. cxd5 cxd5 11. Nc3 Ba6 12. Qc2 Qe7 13. Qa4 Bb7 14. b4 Rfc8
15. a3 a6 16. e3 Ne8 17. Ne2 Nd6 18. Rxc8+ Rxc8 19. Rc1 Nc4 20. Rc3 Nf6 21. Ne5
Ne8 22. Nxc4 b5 23. Qc2 dxc4 24. e4 Nf6 25. Re3 Rd8 26. h3 h6 27. g4 Nd7 28. Nc3
Nb8 29. d5 Nd7 30. e5 exd5 31. Bxd5 Nf8 32. Bxb7 Qxb7 33. Ne4 Rd4 34. Nd6 Qd5
35. Re1 Qf3 36. Nf5 Rd3 37. Qb2 Qxh3 38. Ne3 Ne6 39. a4 Nd4 0-1